Hacia una arquitectura
Saved in:
| Hovedforfatter: | |
|---|---|
| Format: | Bog |
| Sprog: | spansk |
| Udgivet: |
Buenos Aires
El Distribuidor Americano
1939
|
| Udgivelse: | 2a. ed |
| Fag: | |
| Tags: |
Tilføj Tag
Ingen Tags, Vær først til at tagge denne postø!
|
MARC
| LEADER | 00000nam a2200000 a 4500 | ||
|---|---|---|---|
| 001 | UCY4106 | ||
| 003 | CL-VaPUC | ||
| 005 | 20240701131849.0 | ||
| 008 | 950228e19390000AG |||||||||||||||||spa|d | ||
| 999 | |c 232072 |d 232070 | ||
| 040 | |c Pontificia Universidad Católica de Valparaíso | ||
| 082 | 0 | 4 | |a 724.6 |b LEC |2 21 |
| 100 | |a Le Corbusier |e author |9 265037 | ||
| 245 | 1 | 0 | |a Hacia una arquitectura |
| 250 | |a 2a. ed | ||
| 260 | |a Buenos Aires |b El Distribuidor Americano |c 1939 | ||
| 300 | |a 208 p | ||
| 583 | |a last modification |c 19950228 00:00:00 |k Rodrigo Vera | ||
| 650 | 0 | |a Arquitectura moderna |v Siglo 20 |9 265427 | |
| 942 | |c BK |2 ddc | ||
| 945 | |d 19950228 00:00:00 |a mfernand | ||
| 952 | |0 0 |1 0 |4 0 |6 724_600000000000000_LEC_1939 |7 0 |8 P |9 236087 |a BIBARQ |b BIBARQ |d 2019-11-15 |i 3059642 |o 724.6 LEC 1939 |p 3059642 |r 2025-01-20 |w 2019-11-15 |y BK |k ARQ | ||